|
|
|
|
| LEADER |
00000nab a2200000 a 4500 |
| 001 |
vtls008631618 |
| 003 |
SK-MaSNL |
| 005 |
20260303071627.0 |
| 008 |
060315c20060113xo dr n 000 00slo |
| 038 |
|
|
|a SVKPOCL
|
| 040 |
|
|
|a SVKPOCL
|b slo
|c AACR2
|e AACR2
|
| 041 |
|
|
|a slo
|
| 044 |
|
|
|a xo
|c SK
|
| 080 |
|
|
|a 373.31
|2 2001
|
| 100 |
1 |
|
|a Hradilová, Viera
|4 aut
|9 1070523
|
| 245 |
1 |
0 |
|a Zrnká múdrosti
|b výročie ZŠ na Ulici Matice slovenskej
|c Viera Hradilová
|
| 300 |
|
|
|a Fotogr.
|
| 610 |
2 |
7 |
|a Základná škola na Ulici Matice slovenskej (Prešov, Slovensko)
|2 svkpocl
|9 1059155
|
| 651 |
|
7 |
|a Prešov (Slovensko)
|2 svkpocl
|9 17347
|
| 773 |
0 |
|
|t Prešovský večerník
|g Roč. XVII, č. 3872 (13.1.2006), s. 3
|x 1336-4030
|
| 852 |
|
|
|a SVKPO
|b KIS3GCP
|
| 856 |
4 |
1 |
|u www.vecernik.po.sk
|
| 999 |
|
|
|c 1760821
|d 1762751
|